000
00241nam a2200097Ia 4500
005
20251222113744.0
008
251222s1900||||xx |||||||||||||| ||spa||
082
_a
DVD0010/C36/2003
245
0
_a
La Marca del Asesino: City by the Sea:
942
_c
DVD
999
_c
712
_d
712